Online katalóg knižníc regiónu Turca

Legenda o Ulenspieglovi / (Record no. 20532)

MARC details
000 -LEADER
fixed length control field 01105nam a22003131 4500
001 - CONTROL NUMBER
control field 20532
003 - CONTROL NUMBER IDENTIFIER
control field CZ PrNK
005 - DATE AND TIME OF LATEST TRANSACTION
control field 20260124130749.0
007 - PHYSICAL DESCRIPTION FIXED FIELD--GENERAL INFORMATION
fixed length control field ta
008 - FIXED-LENGTH DATA ELEMENTS--GENERAL INFORMATION
fixed length control field 011201s1963 xr a 000 | slo
015 ## - NATIONAL BIBLIOGRAPHY NUMBER
National bibliography number cnb001095365
020 ## - INTERNATIONAL STANDARD BOOK NUMBER
Qualifying information (Váz.) :
Terms of availability Kčs 19,00
040 ## - CATALOGING SOURCE
Original cataloging agency ABA001
Language of cataloging cze
Transcribing agency ABA001
Modifying agency ABA001
041 1# - LANGUAGE CODE
Language code of text/sound track or separate title slo
Language code of original fre
044 ## - COUNTRY OF PUBLISHING/PRODUCING ENTITY CODE
MARC country code xr
-- xo
100 1# - MAIN ENTRY--PERSONAL NAME
Personal name De Coster, Charles Théodore Henri,
Dates associated with a name 1827-1879
Relationship aut
240 10 - UNIFORM TITLE
Uniform title Légende d'Ulenspiegel.
Language of a work Slovensky
245 10 - TITLE STATEMENT
Title Legenda o Ulenspieglovi /
Statement of responsibility, etc. Charles de Coster ; [z franc. orig. ... prel. Miroslava Bártová ; verše prebásnil Viliam Turčány ; il. Vincent Hložník]
250 ## - EDITION STATEMENT
Edition statement V Smene 1. vyd.
260 ## - PUBLICATION, DISTRIBUTION, ETC.
Place of publication, distribution, etc. Bratislava :
Name of publisher, distributor, etc. Smena ;
Place of publication, distribution, etc. [Praha] :
Name of publisher, distributor, etc. Mladá fronta :
-- Naše vojsko,
Date of publication, distribution, etc. 1963
300 ## - PHYSICAL DESCRIPTION
Extent 550 s. :
Other physical details il. ;
Dimensions 21 cm
490 1# - SERIES STATEMENT
Series statement Máj : knižnica československej mládeže ;
Volume/sequential designation zv. 29
700 1# - ADDED ENTRY--PERSONAL NAME
Personal name Bártová, Miroslava,
Dates associated with a name 1917-2002
Relationship trl
700 1# - ADDED ENTRY--PERSONAL NAME
Personal name Turčány, Viliam,
Dates associated with a name 1928-2021
Relationship com
700 1# - ADDED ENTRY--PERSONAL NAME
Personal name Hložník, Vincent,
Dates associated with a name 1919-1997
Relationship ill
830 #0 - SERIES ADDED ENTRY--UNIFORM TITLE
Uniform title Máj (Smena)
910 ## - USER-OPTION DATA (OCLC)
User-option data ABA001
942 ## - ADDED ENTRY ELEMENTS (KOHA)
Source of classification or shelving scheme Dewey Decimal Classification
Koha item type Krásna literatúra pre dospelých
Suppress in OPAC No
Holdings
Stav vyradenia Strata Poškodenie Spôsob nadobudnutia Domovská knižnica Aktuálna knižnica Dátum nadobudnutia Total checkouts Čiarový kód exemplára Date last seen Typ exemplára
      Dar Obecná knižnica Horná Štubňa Obecná knižnica Horná Štubňa 24.01.2026   4736200552 24.01.2026 Krásna literatúra pre dospelých
Projekt je podporený Slovenskou asociáciou knižníc
Prevádzkuje Turčianska knižnica Martin 2026